000 00315nam a22001337a 4500
008 190305b xxu||||| |||| 00| 0 eng d
020 _a9780205410323
041 _aeng
080 _24th
_a371
100 _a25
101 _aEDU
245 _aCreating Writers through 6-trait Writing
_cSpandel, V
942 _2udc
_cBK
999 _c54535
_d54535